| 000 | 01450nam a2200409Ia 4500 | ||
|---|---|---|---|
| 001 | dia_3187 | ||
| 003 | CHAP | ||
| 005 | 20240223174608.0 | ||
| 007 | ta | ||
| 008 | 220117s2003 mx a fr 001 0 spa d | ||
| 040 |
_cCHAP _amxchpua |
||
| 090 |
_aT.C.368 _bP47 EIUPA _c2003 |
||
| 245 | 1 | 0 |
_aBocadillos Buen-dia : _breporte final / _ccoordinador Fernando Pérez Pelayo ; colaboradores Laura Gisela Alvarado Chávez...[et al.] |
| 260 |
_aMéxico : _bEl autor, _c2003 |
||
| 300 |
_acerca 100 hojas : _bilustraciones, diagramas, tablas |
||
| 336 |
_2rdacontent _atexto _btxt |
||
| 337 |
_2rdamedia _asin medio _bn |
||
| 338 |
_2rdacarrier _avolumen _bnc |
||
| 502 |
_aViaje de Estudios _b(EIUPA) -- _cUACh. Departamento de Ingeniería Agroindustrial, _d2003 |
||
| 650 | 1 | 3 |
_aAlimentos preaparados _9154265 |
| 650 | 1 | 3 |
_aBocados (comida) _9154266 |
| 650 | 1 | 3 |
_aChapulines _921941 |
| 650 | 1 | 3 |
_aEmpresas pequeñas _936658 |
| 650 | 1 | 3 |
_aProductos horneados _9149328 |
| 650 | 1 | 3 |
_aBaked goods _9149794 |
| 650 | 1 | 3 |
_aPrepared foods _9154267 |
| 650 | 1 | 3 |
_aSmall businesses _9152924 |
| 650 | 1 | 3 |
_aSnack foods _9154268 |
| 700 | 1 |
_aAlvarado Chávez, Laura Gisela _9153074 _ecolaboradora |
|
| 700 | 1 |
_aPérez Pelayo, Fernando _9147691 _ecoordinador |
|
| 901 | _aT.C.368 P47 EIUPA 2003 | ||
| 902 | _aM | ||
| 905 | _a5232272003 mx nm 8223123222spa16 | ||
| 942 | _2local | ||
| 942 | _cVE | ||
| 999 |
_c173685 _d173685 |
||